Nemzetközi sportrendezvények halyi közösségekre gyakorolt hatása és öröksége
| Main Author: | |
|---|---|
| Other Authors: | |
| Format: | Thesis |
| Kulcsszavak: | Atlétikai vb Budapest helyiekre gyakorolt hatás nemzetközi sportrendezvény örökség sportrendezvény társadalmi-kulturális hatások |
| Online Access: | http://dolgozattar.uni-bge.hu/59457 |
MARC
| LEADER | 00000nta a2200000 i 4500 | ||
|---|---|---|---|
| 001 | dolg59457 | ||
| 005 | 20260409145103.0 | ||
| 008 | 260409suuuu hu om 000 hun d | ||
| 040 | |a BGE Dolgozattár Repozitórium |b hun | ||
| 041 | |a hu | ||
| 100 | 1 | |a Szabó Fanni | |
| 245 | 1 | 0 | |a Nemzetközi sportrendezvények halyi közösségekre gyakorolt hatása és öröksége |c Szabó Fanni |h [elektronikus dokumentum] |
| 520 | 3 | |a Az elmúlt 5-10 évben folyamatosan növekedő tendenciát mutat a Budapesten és Magyarországon megrendezésre kerülő nemzetközi sportversenyek száma. A 2023-ban Budapesten megrendezett atlétikai világbajnokság az elmúlt idők legnagyobb, legsikeresebb, legszórakoztatóbb sporteseménye volt. Kutatásom fő célja a 2023-as atlétikai világbajnokság helyi közösségre gyakorolt hatásainak és örökségének vizsgálata volt. Kutatásommal azokra a kérdésekre kerestem a választ, hogy milyen hatásai voltak a Budapesten megrendezett atlétikai világbajnokságnak a helyi lakosságra, hogyan alakult a nemzeti büszkeség érzése a vb kapcsán az emberekben, milyen közösségépítő hatásai lehetnek egy világversenynek, egy mozgásra ösztönző program mennyire befolyásolja a résztvevők sportolási szokásait és milyen társadalmi-kulturális öröksége van egy világbajnokságnak. A kutatásomat félig strukturált interjúk készítésével végeztem: a helyi lakosság és a szervezők körében összesen 15 interjút készítettem. A helyiekkel készített interjúk alapján nem volt hatással a mindennapi életükre a vb szervezési periódusa. A többség elégedett az új létesítménnyel, többen számoltak be arról, hogy a fejlesztéseknek köszönhetően a kerületet pozitívabban látják. A világbajnokság életre szóló élményt adott, a megkérdezettek nemzeti büszkeségét erősítette. A Hétköznapi Hősök programban részt vevők körében vegyes eredmények születtek, volt, akit a mozgás és a sport szeretete motivált a részvételre, és volt, aki csak a kedvezményes kupon miatt indult el egy-egy rendezvényen. A szervezői interjú alapján tudatosan terveztek az örökséggel. Ezen felül igyekeztek a helyiekkel kapcsolatba lépni, ferencvárosi és csepeli iskolákkal, önkormányzattal is felvették a kapcsolatot, továbbá törekedtek arra, hogy a helyi lakosok részt tudjanak venni az eseményen. A rendezvény társadalmi-kulturális örökségére alanyaim nehezen tudtak konkrét példát említeni, némi fogalmi tisztázást követően azonban voltak, akik tudtak örökséget azonosítani. A másik témakör, amiben egyezést mutattak a csoportok, az az atlétikai központ megnyitásával kapcsolatos kérdés, ugyanis a legtöbben azon a véleményen vannak, hogy a központot meg kell nyitni a nagyközönség számára is. | |
| 695 | |a Atlétikai vb | ||
| 695 | |a Budapest | ||
| 695 | |a helyiekre gyakorolt hatás | ||
| 695 | |a nemzetközi sportrendezvény | ||
| 695 | |a örökség | ||
| 695 | |a sportrendezvény | ||
| 695 | |a társadalmi-kulturális hatások | ||
| 700 | 1 | |a Kiss Dr. Kornélia |e ths | |
| 856 | 4 | 0 | |u http://dolgozattar.uni-bge.hu/59457/1/Szab%C3%B3%20Fanni_Szakdolgozat_v%C3%A9gleges.pdf |z Dokumentum-elérés |
| 856 | 4 | 0 | |u http://dolgozattar.uni-bge.hu/59457/2/Szabo_Fanni_biralat_Kiss_Kornelia.pdf |z Dokumentum-elérés |